Normal view MARC view
  • Farmland Market

Entry Corporate Name

Number of records used in: 3

001 - CONTROL NUMBER

  • control field: 5484

003 - CONTROL NUMBER IDENTIFIER

  • control field: SIRSI

005 - DATE AND TIME OF LATEST TRANSACTION

  • control field: 20190806150243.0

008 - FIXED-LENGTH DATA ELEMENTS

  • fixed length control field: 071221n| acannaabn |n ana d

040 ## - CATALOGING SOURCE

  • Original cataloging agency: OSt
  • Transcribing agency: OSt

110 2# - HEADING--CORPORATE NAME

  • Corporate name or jurisdiction name as entry element: Farmland Market

670 ## - SOURCE DATA FOUND

  • Source citation: CAAV tenanted farms survey 2006, 2007